|
|
|
|
| LEADER |
00000naa2a2200000 4500 |
| 001 |
381324 |
| 005 |
20231101062821.0 |
| 035 |
|
|
|a (RuTPU)RU\TPU\prd\3712
|
| 090 |
|
|
|a 381324
|
| 100 |
|
|
|a 20020507a2002 k y0rusy50 ca
|
| 101 |
0 |
|
|a rus
|
| 102 |
|
|
|a RU
|
| 200 |
1 |
|
|a ОАО "Пензтяжпромарматура" - атомной энергетике
|f А. С. Игошин
|
| 225 |
1 |
|
|a Отечественные техника и технологии
|
| 461 |
|
1 |
|0 (RuTPU)RU\TPU\prd\1175
|x 0202-4578
|t Нефтегазовые технологии
|o научно-технический журнал
|f World Oil ; Pipe Line Industry ; Gulf Publishing Company
|d 1994-
|
| 463 |
|
1 |
|0 (RuTPU)RU\TPU\prd\2061
|t № 1
|v С. 6-7
|d 2002
|
| 610 |
1 |
|
|a атомная энергетика
|
| 610 |
1 |
|
|a предприятия
|
| 610 |
1 |
|
|a оборудование
|
| 700 |
|
1 |
|a Игошин
|b А. С.
|
| 801 |
|
1 |
|a RU
|b 63413507
|c 20020507
|g PSBO
|
| 801 |
|
2 |
|a RU
|b 63413507
|c 20120112
|g PSBO
|
| 942 |
|
|
|c BK
|